000 01075cam a2200265a 44500
003 OSt
005 20150408113742.0
008 030308s1999 ua g 00000 ara dd
040 _aSA-RiAUC
_bara
_cSA-RiAUC
041 _aعربي
072 _a028
_xالشريعة الإسلامية والفقه الإسلامي
082 0 4 _a252 ا م د
092 _a252
_bا م د
100 1 _aأحمد، محمد محمود.
_91675
245 1 0 _aدعاء محمد رسول الله صلى الله عليه وسلم خاتم الأنبياء والمرسلين /
_cمحمد محمود أحمد، موسى الخطيب.
250 _aط. 1.
260 _aالقاهرة
_bمركز الكتاب للنشر،
_c1419 = 1999
300 _a95 ص. ؛
_c24 سم.0
440 _aآيات الدعاء في القرآن الكريم. 7
_91676
650 _aالأدعية (إسلام)
_2aucsh. 7
_9302
650 _aالعبادات (فقه إسلامي)
_2aucsh. 7
650 _aالأدعية والأوراد
_2aucsh.1
_91677
700 _aالخطيب، موسى.\\
_91678
942 _2ddc
_cBOOK
999 _c2949
_d237449